| 000 | 00845cab a22002535a 4500 | ||
|---|---|---|---|
| 001 | L155453 | ||
| 008 | 120323e20120310xxk 000 0 eng d | ||
| 035 | _a(Sirsi) u155453 | ||
| 041 | 0 | _aeng | |
| 100 | 1 | _aTomlinson, Crispin | |
| 245 | 0 | 4 | _aThe age of overage |
| 260 | _c2012 | ||
| 490 |
_aEstates Gazette _v(1210) 10 March 2012, 80-82(3) |
||
| 520 | _aDiscusses recent developments in overage issues from landowner's and developer's perspective. Refers to case law. | ||
| 590 | _aKA | ||
| 650 | 2 | 4 | _aGEORGE WIMPEY UK LTD V VI CONSTRUCTION LTD |
| 650 | 2 | 4 | _aCHARTBROOK LTD V PERSIMMON HOMES LTD AND ANOTHER |
| 650 | 2 | 4 | _aRENEWAL LEEDS LTD V LOWRY PROPERTIES LTD |
| 650 | 2 | 4 | _aMICRO DESIGN GROUP LTD V BDW TRADING |
| 651 | 4 | _aUNITED KINGDOM | |
| 690 |
_aPlanning and development _96259 |
||
| 700 | 1 | _aLeonard, Gemma | |
| 942 | _n0 | ||
| 999 |
_c83864 _d83864 |
||